Welcome to CU Library Online Public Access Catalogue (OPAC)

Mechanisms of head and spine trauma / (Record no. 4065)

MARC details
000 -LEADER
fixed length control field 00918pam a2200301 a 4500
001 - CONTROL NUMBER
control field 4278740
005 - DATE AND TIME OF LATEST TRANSACTION
control field 20250221192801.0
008 - FIXED-LENGTH DATA ELEMENTS--GENERAL INFORMATION
fixed length control field 860103s1986 nyua b 001 0 eng c
020 ## - INTERNATIONAL STANDARD BOOK NUMBER
International Standard Book Number 0913690112
050 10 - LIBRARY OF CONGRESS CALL NUMBER
Classification number RD593
Item number .M43 1986
082 00 - DEWEY DECIMAL CLASSIFICATION NUMBER
Classification number 617/.481044
Edition information 19
245 00 - TITLE STATEMENT
Title Mechanisms of head and spine trauma /
Statement of responsibility, etc. edited by Anthony Sances, Jr. ... [et al.].
260 ## - PUBLICATION, DISTRIBUTION, ETC.
Place of publication, distribution, etc. Goshen, N.Y. :
Name of publisher, distributor, etc. Aloray,
Date of publication, distribution, etc. c1986.
300 ## - PHYSICAL DESCRIPTION
Extent xviii, 746 p :
Other physical details ill. ;
Dimensions 24 cm.
650 #0 - SUBJECT ADDED ENTRY--TOPICAL TERM
Topical term or geographic name entry element Brain
General subdivision Wounds and injuries.
650 #0 - SUBJECT ADDED ENTRY--TOPICAL TERM
Topical term or geographic name entry element Spinal cord
General subdivision Wounds and injuries.
650 #0 - SUBJECT ADDED ENTRY--TOPICAL TERM
Topical term or geographic name entry element Head
General subdivision Wounds and injuries.
650 #0 - SUBJECT ADDED ENTRY--TOPICAL TERM
Topical term or geographic name entry element Spine
General subdivision Wounds and injuries.
650 #0 - SUBJECT ADDED ENTRY--TOPICAL TERM
Topical term or geographic name entry element Human mechanics.
650 #2 - SUBJECT ADDED ENTRY--TOPICAL TERM
Topical term or geographic name entry element Biomechanics.
650 #2 - SUBJECT ADDED ENTRY--TOPICAL TERM
Topical term or geographic name entry element Brain Injuries.
650 #2 - SUBJECT ADDED ENTRY--TOPICAL TERM
Topical term or geographic name entry element Head Injuries.
650 #2 - SUBJECT ADDED ENTRY--TOPICAL TERM
Topical term or geographic name entry element Neck
General subdivision injuries.
650 #2 - SUBJECT ADDED ENTRY--TOPICAL TERM
Topical term or geographic name entry element Spinal Cord Injuries.
650 #2 - SUBJECT ADDED ENTRY--TOPICAL TERM
Topical term or geographic name entry element Spinal Injuries.
700 1# - ADDED ENTRY--PERSONAL NAME
Personal name Sances, Anthony,
Dates associated with a name 1932-
942 ## - ADDED ENTRY ELEMENTS (KOHA)
Source of classification or shelving scheme Library of Congress Classification
Koha item type Books
Suppress in OPAC No
999 ## -
-- 4065
-- 4065
Holdings
Withdrawn status Lost status Source of classification or shelving scheme Damaged status Not for loan Collection Home library Current library Shelving location Date acquired Total checkouts Full call number Barcode Date last seen Copy number Price effective from Koha item type
    Library of Congress Classification     Non-fiction Science Library (Miotso) Science Library (Miotso) General stacks 02/21/2025   RD593 .M43 MEC SLM00003525 02/21/2025 1 02/21/2025 Books
© 2023-2024 Copyright: Central University Libraries. All Rights Reserved | Created by: Mahone Tech Office